Normal view
MARC view
- ZIA-Ul-Haq
Entry Topical Term
001 - CONTROL NUMBER
- control field: 108798
003 - CONTROL NUMBER IDENTIFIER
- control field: NUST
005 - DATE AND TIME OF LATEST TRANSACTION
- control field: 20230209134550.0
008 - FIXED-LENGTH DATA ELEMENTS
- fixed length control field: 230209|| aca||aabn | a|a d
040 ## - CATALOGING SOURCE
- Original cataloging agency: NUST
- Transcribing agency: NUST
150 ## - HEADING--TOPICAL TERM
- Topical term or geographic name entry element: ZIA-Ul-Haq
670 ## - SOURCE DATA FOUND
- Source citation: Work cat.: (NUST)186745: Qayyum, Abdul 38565, ZIA-Ul-Haq and 1 /, 1997
